Quizzes
Events
Quiz Creation
Community
Videos
Private Events
Remove Ads
Sign In
Join for FREE
Feedback
Dark Mode
Quiz Categories
Sports
Geography
Music
Movies
Television
Just For Fun
Miscellaneous
History
Literature
Language
Science
Gaming
Entertainment
Religion
Holiday
For Kids
Quiz Lab
Recent
Popular Today
Quiz Kudos Today
Editor Picks
Curator Picks
Quizzes by...
Day
Popularity
Type
Ratings
Length
Year
Community
Subscriptions
Recent Discussions
Orange Saloon
Badges
Playlists
Quests
Create
Leaderboards
Showdown
Live 5
Trivia Bingo
Activity
Puzzle Library
Sporcle Events
Private Events
Virtual Trivia
Globe League
Become a Host
Pub Owners
SporcleCon
Opinionation
Our Games
Videos
Blog
Mobile Apps
Partnerships
Remove Ads and Go Orange
Feedback
Literature
Harry Potter
A Song of Ice and Fire
The Hunger Games
Literary Character
Shakespeare
Book
Author
Novel
Poem
Young Adult
Children's Books
Play
Lord of the Rings
Literature
Harry Potter
A Song of Ice and Fire
The Hunger Games
Literary Character
Shakespeare
Book
Author
Novel
Poem
Young Adult
Children's Books
Play
Lord of the Rings
Random Quiz
Search Sporcle
×
Quiz Lab
Quiz Lab
Literature
Book
Type in answers that appear in a list
Type in answers that appear in a list
Classic
Best Score? Go Orange.
Newberry Award Winners Stats
Can you name the newberry award winners since 1980?
By
peppertj84
10m
32 Questions
191 Plays
191 Plays
191 Plays
Comments
Comments
Give Quiz Kudos
Give Quiz Kudos
-
- Ratings
hide this ad
Replay
Link that replays current quiz
Next Quiz
Link to next quiz in quiz playlist
You Got
0%
They Got
Avg Score
38%
Avg Friend Score
Upgrade to see
Score Distribution
Jump to the score distribution portion of the page
Score
0/32
Timer
10:00
0
Plays Today
Year
Book
% Correct
1994
The Giver
79.1%
1999
Holes
67%
1990
Number the Stars
66.5%
2009
The Graveyard Book
53.9%
1995
Walk Two Moon
52.4%
1991
Maniac Magee
51.8%
2000
Bud, Not Buddy
50.8%
1992
Shiloh
49.7%
2002
A Single Shard
41.9%
1981
Jacob Have I Loved
40.3%
1984
Dear Mr. Henshaw
40.3%
2011
Moon Over Manifest
40.3%
2007
The Higher Power of Lucky
38.7%
1997
The View from Saturday
38.2%
1998
Out of the Dust
37.7%
1983
Dicey's Song
37.2%
Year
Book
% Correct
1986
Sarah, Plain and Tall
36.6%
2010
When You Reach Me
36.6%
2005
Kira-Kira
36.1%
1987
Whipping Boy
35.1%
2001
Year Down Yonder
35.1%
2003
Crispin: The Cross of Lead
33.5%
1996
The Midwife's Apprentice
32.5%
2004
The Tale of Despereaux
30.9%
2006
Criss Cross
28.8%
1993
Missing May
28.3%
1988
Lincoln: A Photobiography
25.7%
1982
A Visit to William Blake's Inn
24.6%
1985
The Hero and the Crown
24.6%
1980
A Gathering of Days: A New England Girls Journal
18.3%
1989
Joyful Noise: Poems for Two Voices
14.7%
2008
Good Masters! Sweet Ladies! Voices from a Medieval Village
12%
Quiz Playlist
Details
Report
Send in Message
Add To Playlist
Classic:
Type in answers that appear in a list
Last Updated: May 16, 2017
Quiz Scoreboard
CHALLENGE
Sign Up to Join the Scoreboard
Show All
Scores
Hide
Comments
May contain spoilers
Recently Published
Popular People in 1961
by mucciniale
History
6m
1-10 Letter E Words III
by El_Dandy
Language
2m
One Thing in Common: World Cities II
by knightlancer
Geography
7m
More to Explore
Quiz From the Vault
Featured Blog Post
Where Did the Easter Bunny Come From?
hide this ad
You Might Also Like...
Tags
Author Quiz
Book Quiz
Novel Quiz
1980
Award
Winner
Today's Top Quizzes in Literature
Browse Literature
hide this ad
Today's Top Quizzes in Book
Browse Book
Top Contributed Quizzes in Literature
1
Sneaky Slytherin Logic Puzzle
2
Get The Picture: Black or White Literature
3
One Thing in Common: Literature
4
Weasley Family Reunion: Logic Puzzle
5
Lily Potter Start to Finish
6
James Potter Start to Finish
7
ASOIAF Logic Puzzle [Difficult] [Read Note first!!]
8
One piece logic quiz 3 (Hard difficulty)
9
One Thing in Common: Books
10
Harry Potter and the Philosopher's Stone Logic Puzzle
Explore More
Trending Topics
Marvel
Kpop
Disney
Crossword
Anime
Harry Potter
NBA
Country
Song
Puzzle
WWE
NFL
The Office
Pokémon
Soccer
hide this ad
More By:
peppertj84
Quiz
Plays
Rating
Category
Featured
Created
Bruno Mars Songs
1,259
2.50
Music
Jan 10, 2011
Samurai Jack Opening
865
3.86
Television
Feb 12, 2011
That 70s show
733
3.00
Television
Jan 15, 2011
Orioles Hall of Fame
551
1.40
Sports
Jan 8, 2011
Human Body Systems
192
Science
Jan 7, 2011
Go to Creator's Profile
Score Distribution
Quiz Creator Spotlight
peppertj84
Follow
Send a Message
Quizzes Created
-
Created Quiz Play Count
-
More By This Creator
Popular Quizzes Today
1
Find the US States - No Outlines Minefield
2
The Countries of the World
3
Find the Countries of Europe - No Outlines Minefield
4
Popular People in 1961
5
1-10 Letter E Words III
6
Find the US States
7
One Thing in Common: World Cities II
8
US States
More Literature Quizzes
Mix and Match Book Titles II
Published
Trending Quizzes
Risky Map Clicking: Least Populous States A-Z
1-10 Letter F Words
1-10 Letter G Words
One Thing in Common: United Kingdom
Risky Map Clicking: Next State Alphabetically
Recently Updated
Leaping Animals
pecheneg
Reality TV Shows (A-Z)
bhenderson79
Rickey Henderson's Hall of Fame Teammates
pecheneg
Champions League XIs: Arsenal
pecheneg
Quick Pick: Celebrities in WWE's Hall of Fame
aduchscher
A-Z Keypad Blitz II
pecheneg
Multiple Oscar Actors
pecheneg
Mystery Phrase Blitz: Oscar 'Best Actors'
pecheneg
F. Scott Fitzgerald Novels
LTH
Pick 3 Villains
ddd62291
Trending Topics
Marvel
Harry Potter
NBA
Crossword
Disney
Anime
Kpop
WWE
Pokémon
Puzzle
Song
The Office
NFL
Soccer
Country
Your Account Isn't Verified!
In order to create a playlist on Sporcle, you need to verify the email address you used during registration. Go to your
Sporcle Settings
to finish the process.
Report this User
Report this user for behavior that violates our
Community Guidelines
.
Details:
Send Report
Go to the Sporcle.com Mobile Site →
Comments